[Event "World Youth & Cadets Blitz Championships"]
[Site "Rhodes, Greece"]
[Date "2022.05.03"]
[Round "7.13"]
[White "Kuru, Atilla"]
[Black "Erdogmus, Yagiz Kaan"]
[Result "0-1"]
[TimeControl "5'/game & 2\"/move"]
[WhiteElo "2023"]
[BlackElo "1813"]

1. e4 {[%clk 00:05:02]} {[%emt 00:00:01]} c5 {[%clk 00:05:03]} {[%emt
00:00:02]} 2. Nf3 {[%clk 00:05:02]} {[%emt 00:00:01]} e6 {[%clk 00:05:04]} 3.
d4 {[%clk 00:05:03]} {[%emt 00:00:01]} cxd4 {[%clk 00:05:05]} {[%emt 00:00:02]}
4. Nxd4 {[%clk 00:05:03]} {[%emt 00:00:01]} Nc6 {[%emt 00:00:04]} 5. c4 {[%clk
00:05:03]} {[%emt 00:00:01]} Nf6 {[%clk 00:05:02]} {[%emt 00:00:04]} 6. Nc3
{[%clk 00:05:03]} {[%emt 00:00:02]} Bb4 {[%clk 00:05:02]} {[%emt 00:00:02]} 7.
Nxc6 {[%clk 00:04:58]} {[%emt 00:00:07]} bxc6 {[%clk 00:05:03]} {[%emt
00:00:01]} 8. Bd3 {[%clk 00:04:58]} {[%emt 00:00:02]} e5 {[%clk 00:05:02]}
{[%emt 00:00:02]} 9. O-O {[%clk 00:04:56]} {[%emt 00:00:04]} O-O {[%clk
00:05:02]} {[%emt 00:00:04]} 10. Bg5 {[%clk 00:04:49]} {[%emt 00:00:08]} h6
{[%clk 00:05:02]} {[%emt 00:00:02]} 11. Bh4 {[%clk 00:04:49]} g5 {[%clk
00:05:03]} {[%emt 00:00:01]} 12. Bg3 {[%clk 00:04:50]} {[%emt 00:00:02]} Bxc3
{[%clk 00:05:00]} {[%emt 00:00:05]} 13. bxc3 {[%clk 00:04:50]} {[%emt
00:00:02]} Qe7 {[%clk 00:04:58]} {[%emt 00:00:04]} 14. h4 {[%clk 00:04:34]}
{[%emt 00:00:18]} d6 {[%clk 00:04:52]} {[%emt 00:00:08]} 15. hxg5 {[%clk
00:04:18]} {[%emt 00:00:18]} hxg5 {[%clk 00:04:52]} {[%emt 00:00:02]} 16. Qd2
{[%clk 00:04:11]} {[%emt 00:00:09]} Nh5 {[%clk 00:04:52]} {[%emt 00:00:02]} 17.
Bh2 {[%clk 00:04:06]} {[%emt 00:00:07]} Kg7 {[%clk 00:03:52]} {[%emt 00:01:01]}
18. g3 {[%clk 00:03:40]} {[%emt 00:00:29]} Rh8 {[%clk 00:03:27]} {[%emt
00:00:27]} 19. f4 {[%clk 00:03:35]} {[%emt 00:00:07]} Bh3 {[%clk 00:03:09]}
{[%emt 00:00:20]} 20. Rf2 {[%clk 00:03:15]} {[%emt 00:00:22]} gxf4 {[%clk
00:02:33]} {[%emt 00:00:38]} 21. gxf4 {[%clk 00:03:14]} {[%emt 00:00:03]} Rag8
{[%clk 00:02:04]} {[%emt 00:00:32]} 22. Bf1 {[%clk 00:02:54]} {[%emt 00:00:21]}
Kf8+ {[%clk 00:01:54]} {[%emt 00:00:12]} 23. Bg2 {[%clk 00:02:53]} {[%emt
00:00:02]} Bxg2 {[%clk 00:00:58]} {[%emt 00:00:59]} 24. Rxg2 {[%clk 00:02:53]}
{[%emt 00:00:02]} Rxg2+ {[%clk 00:00:35]} {[%emt 00:00:25]} 25. Kxg2 {[%clk
00:02:51]} {[%emt 00:00:04]} exf4 {[%clk 00:00:33]} {[%emt 00:00:05]} 26. Kf3
{[%clk 00:01:21]} {[%emt 00:01:31]} Rh6 {[%clk 00:00:11]} {[%emt 00:00:24]} 27.
Rg1 {[%clk 00:01:09]} {[%emt 00:00:13]} Qh4 {[%clk 00:00:08]} {[%emt 00:00:07]}
28. Rg2 {[%clk 00:00:25]} {[%emt 00:00:45]} Qh3+ {[%clk 00:00:07]} {[%emt
00:00:03]} 29. Kf2 {[%clk 00:00:25]} Ng3 {[%clk 00:00:05]} {[%emt 00:00:05]} 30.
Qxf4 {[%clk 00:00:07]} {[%emt 00:00:20]} Rf6 {[%clk 00:00:07]} 31. Qxf6 {[%clk
00:00:07]} {[%emt 00:00:02]} Nxe4+ {[%clk 00:00:08]} {[%emt 00:00:02]} 32. Kg1
{[%clk 00:00:07]} {[%emt 00:00:01]} Nxf6 {[%clk 00:00:08]} {[%emt 00:00:02]} 33.
Bxd6+ {[%clk 00:00:08]} {[%emt 00:00:01]} Ke8 {[%clk 00:00:09]} 34. Be5 {[%clk
00:00:08]} {[%emt 00:00:02]} Qe3+ {[%clk 00:00:10]} {[%emt 00:00:02]} 35. Kf1
Qxe5 {[%clk 00:00:11]} 36. Re2 {[%clk 00:00:07]} {[%emt 00:00:02]} Ne4 {[%clk
00:00:12]} {[%emt 00:00:01]} 0-1

[Event "World Youth & Cadets Blitz Championships"]
[Site "Rhodes, Greece"]
[Date "2022.05.03"]
[Round "7.14"]
[White "Korelskiy, Egor"]
[Black "Begmuratov, Khumoyun"]
[Result "0-1"]
[TimeControl "5'/game & 2\"/move"]
[WhiteElo "1993"]
[BlackElo "1961"]

1. g3 {[%clk 00:05:01]} {[%emt 00:00:02]} Nf6 {[%clk 00:05:00]} {[%emt
00:00:05]} 2. Bg2 {[%clk 00:05:01]} {[%emt 00:00:01]} d5 {[%clk 00:04:53]}
{[%emt 00:00:10]} 3. d4 {[%clk 00:04:54]} {[%emt 00:00:08]} g6 {[%clk
00:04:51]} {[%emt 00:00:04]} 4. Nf3 {[%clk 00:04:54]} {[%emt 00:00:02]} Bg7
{[%clk 00:04:52]} {[%emt 00:00:02]} 5. O-O {[%clk 00:04:51]} {[%emt 00:00:05]}
O-O {[%clk 00:04:52]} {[%emt 00:00:02]} 6. c4 {[%clk 00:04:45]} {[%emt
00:00:08]} dxc4 {[%clk 00:04:25]} {[%emt 00:00:29]} 7. Nbd2 {[%clk 00:04:36]}
{[%emt 00:00:11]} c5 {[%clk 00:04:16]} {[%emt 00:00:10]} 8. Nxc4 {[%clk
00:04:30]} {[%emt 00:00:09]} cxd4 {[%clk 00:04:15]} {[%emt 00:00:03]} 9. Qxd4
{[%clk 00:04:22]} {[%emt 00:00:09]} Nc6 {[%clk 00:04:01]} 10. Qh4 {[%clk
00:03:59]} {[%emt 00:00:41]} Be6 {[%clk 00:03:36]} 11. Nce5 {[%clk 00:03:36]}
{[%emt 00:00:53]} Nxe5 {[%emt 00:00:28]} 12. Nxe5 {[%clk 00:03:37]} Qb6 {[%clk
00:03:07]} {[%emt 00:00:05]} 13. Nd3 {[%clk 00:03:17]} {[%emt 00:00:21]} Bd5
{[%clk 00:02:09]} {[%emt 00:01:01]} 14. Be3 {[%clk 00:03:08]} {[%emt 00:00:10]}
Qb5 {[%clk 00:01:51]} {[%emt 00:00:21]} 15. Bh6 {[%clk 00:02:41]} {[%emt
00:00:28]} Bxg2 {[%clk 00:01:47]} {[%emt 00:00:07]} 16. Kxg2 {[%clk 00:02:27]}
{[%emt 00:00:15]} e5 {[%clk 00:01:14]} {[%emt 00:00:35]} 17. Bxg7 {[%clk
00:02:19]} {[%emt 00:00:10]} Kxg7 {[%clk 00:01:16]} {[%emt 00:00:01]} 18. Qg5
{[%clk 00:01:11]} {[%emt 00:01:07]} Rfe8 {[%clk 00:01:10]} {[%emt 00:00:11]} 19.
Rac1 {[%clk 00:00:56]} {[%emt 00:00:17]} h6 {[%clk 00:01:10]} {[%emt 00:00:02]}
20. Qe3 {[%clk 00:00:10]} {[%emt 00:00:42]} b6 {[%clk 00:01:02]} {[%emt
00:00:16]} 21. b3 {[%clk 00:00:08]} {[%emt 00:00:04]} Rad8 {[%clk 00:00:57]}
{[%emt 00:00:08]} 22. Kg1 {[%clk 00:00:05]} {[%emt 00:00:05]} Rd4 {[%clk
00:00:45]} {[%emt 00:00:14]} 23. a4 {[%clk 00:00:05]} {[%emt 00:00:02]} Qxb3
{[%clk 00:00:39]} {[%emt 00:00:08]} 24. Rc7 {[%clk 00:00:05]} {[%emt 00:00:01]}
Nd5 {[%clk 00:00:33]} {[%emt 00:00:08]} 25. Rxf7+ {[%clk 00:00:04]} {[%emt
00:00:04]} Kg8 {[%clk 00:00:29]} {[%emt 00:00:05]} 26. Qxh6 {[%clk 00:00:04]}
{[%emt 00:00:02]} Kxf7 {[%clk 00:00:30]} 27. Qh7+ {[%clk 00:00:05]} {[%emt
00:00:01]} Kf6 {[%clk 00:00:30]} {[%emt 00:00:01]} 28. Qd7 {[%clk 00:00:05]}
{[%emt 00:00:03]} Re7 {[%clk 00:00:29]} {[%emt 00:00:04]} 29. Qd6+ {[%clk
00:00:05]} {[%emt 00:00:01]} Kg7 {[%clk 00:00:29]} {[%emt 00:00:02]} 30. Nxe5
{[%clk 00:00:04]} {[%emt 00:00:03]} Qc2 {[%clk 00:00:10]} {[%emt 00:00:21]} 31.
e3 {[%clk 00:00:05]} Rd2 {[%clk 00:00:09]} {[%emt 00:00:04]} 32. Nc6 {[%clk
00:00:05]} {[%emt 00:00:02]} Qc5 {[%clk 00:00:08]} {[%emt 00:00:03]} 33. Qxc5
{[%clk 00:00:04]} {[%emt 00:00:03]} bxc5 {[%clk 00:00:09]} 34. Nxe7 {[%clk
00:00:05]} Nxe7 {[%emt 00:00:02]} 35. Rc1 {[%clk 00:00:06]} Rd5 {[%clk
00:00:10]} {[%emt 00:00:02]} 36. e4 {[%clk 00:00:07]} {[%emt 00:00:02]} Re5
{[%clk 00:00:08]} {[%emt 00:00:03]} 37. a5 {[%clk 00:00:07]} {[%emt 00:00:02]}
Nc6 {[%clk 00:00:07]} {[%emt 00:00:04]} 38. f4 {[%clk 00:00:07]} {[%emt
00:00:01]} Rxe4 {[%clk 00:00:08]} {[%emt 00:00:02]} 39. Rxc5 {[%clk 00:00:08]}
{[%emt 00:00:01]} Re6 {[%clk 00:00:06]} {[%emt 00:00:03]} 40. f5 {[%clk
00:00:09]} gxf5 {[%clk 00:00:06]} {[%emt 00:00:01]} 41. Rxf5 {[%clk 00:00:10]}
{[%emt 00:00:02]} Re5 {[%clk 00:00:05]} {[%emt 00:00:03]} 42. Rf4 {[%clk
00:00:06]} {[%emt 00:00:06]} Rxa5 {[%clk 00:00:06]} 43. Rc4 {[%clk 00:00:07]}
{[%emt 00:00:02]} Ne5 {[%clk 00:00:08]} {[%emt 00:00:01]} 44. Rc7+ {[%clk
00:00:08]} Kf6 {[%clk 00:00:09]} 45. h4 {[%clk 00:00:08]} {[%emt 00:00:02]} Ra2
{[%clk 00:00:10]} 46. Kf1 {[%clk 00:00:06]} {[%emt 00:00:04]} a5 {[%clk
00:00:12]} {[%emt 00:00:01]} 47. Ra7 {[%clk 00:00:04]} {[%emt 00:00:03]} a4
{[%clk 00:00:12]} {[%emt 00:00:02]} 48. Ra6+ {[%clk 00:00:05]} Kf5 {[%clk
00:00:13]} 49. Ra5 {[%clk 00:00:07]} Ke4 {[%clk 00:00:12]} {[%emt 00:00:02]} 50.
Ke1 {[%clk 00:00:06]} {[%emt 00:00:03]} a3 {[%clk 00:00:11]} {[%emt 00:00:03]}
51. Kd1 {[%clk 00:00:07]} {[%emt 00:00:01]} Nc4 {[%clk 00:00:12]} 52. Ra8
{[%clk 00:00:05]} {[%emt 00:00:03]} Kd3 {[%emt 00:00:03]} 53. Rd8+ {[%clk
00:00:05]} {[%emt 00:00:02]} 0-1

[Event "World Youth & Cadets Blitz Championships"]
[Site "Rhodes, Greece"]
[Date "2022.05.03"]
[Round "7.15"]
[White "Dotzer, Lukas"]
[Black "Niezhentsev, Kyrylo"]
[Result "1-0"]
[TimeControl "5'/game & 2\"/move"]
[WhiteElo "2026"]
[BlackElo "2060"]

1. e4 {[%clk 00:05:03]} c5 {[%clk 00:05:03]} {[%emt 00:00:01]} 2. Nc3 {[%clk
00:05:04]} {[%emt 00:00:01]} a6 {[%clk 00:05:04]} {[%emt 00:00:01]} 3. Nge2
{[%clk 00:05:02]} {[%emt 00:00:04]} b5 {[%clk 00:05:02]} {[%emt 00:00:04]} 4.
g3 {[%clk 00:05:00]} {[%emt 00:00:04]} Bb7 {[%emt 00:00:05]} 5. Bg2 {[%clk
00:05:00]} e6 {[%clk 00:05:02]} {[%emt 00:00:01]} 6. O-O {[%clk 00:04:59]}
{[%emt 00:00:03]} b4 {[%clk 00:05:03]} {[%emt 00:00:02]} 7. Na4 {[%clk
00:04:53]} {[%emt 00:00:08]} Nf6 {[%clk 00:04:35]} {[%emt 00:00:30]} 8. d3
{[%clk 00:04:39]} {[%emt 00:00:15]} d5 {[%clk 00:04:32]} {[%emt 00:00:05]} 9.
exd5 {[%clk 00:04:33]} {[%emt 00:00:09]} exd5 {[%clk 00:04:29]} {[%emt
00:00:04]} 10. Be3 {[%clk 00:04:18]} {[%emt 00:00:17]} Nbd7 {[%clk 00:04:26]}
{[%emt 00:00:05]} 11. Nf4 {[%clk 00:04:01]} {[%emt 00:00:19]} Bd6 {[%clk
00:03:32]} {[%emt 00:00:56]} 12. a3 {[%clk 00:03:18]} {[%emt 00:00:45]} a5
{[%clk 00:03:04]} {[%emt 00:00:30]} 13. axb4 {[%clk 00:03:15]} {[%emt
00:00:06]} axb4 {[%clk 00:03:04]} {[%emt 00:00:01]} 14. d4 {[%clk 00:02:49]}
{[%emt 00:00:28]} c4 {[%clk 00:02:19]} {[%emt 00:00:48]} 15. Nc5 {[%clk
00:02:42]} {[%emt 00:00:09]} Rxa1 {[%clk 00:02:09]} {[%emt 00:00:11]} 16. Qxa1
{[%clk 00:02:19]} {[%emt 00:00:25]} Bc6 {[%clk 00:01:49]} {[%emt 00:00:23]} 17.
Qa6 {[%clk 00:01:49]} {[%emt 00:00:31]} Qc7 {[%clk 00:01:45]} {[%emt 00:00:06]}
18. b3 {[%clk 00:00:49]} {[%emt 00:01:03]} Bxc5 {[%clk 00:00:44]} {[%emt
00:01:03]} 19. dxc5 {[%clk 00:00:43]} {[%emt 00:00:07]} O-O {[%clk 00:00:42]}
{[%emt 00:00:04]} 20. Qa1 {[%clk 00:00:30]} {[%emt 00:00:15]} cxb3 {[%clk
00:00:06]} {[%emt 00:00:39]} 21. cxb3 {[%clk 00:00:30]} {[%emt 00:00:02]} Qb7
{[%clk 00:00:06]} {[%emt 00:00:02]} 22. Bd4 {[%clk 00:00:13]} {[%emt 00:00:19]}
Ra8 {[%clk 00:00:06]} {[%emt 00:00:02]} 23. Qb1 {[%clk 00:00:14]} h6 {[%clk
00:00:04]} {[%emt 00:00:03]} 24. Qf5 {[%clk 00:00:14]} {[%emt 00:00:02]} Ra3
{[%clk 00:00:04]} {[%emt 00:00:03]} 25. Re1 {[%clk 00:00:07]} {[%emt 00:00:09]}
Rxb3 {[%clk 00:00:04]} {[%emt 00:00:01]} 26. Nh5 {[%clk 00:00:05]} {[%emt
00:00:04]} Nf8 {[%clk 00:00:03]} {[%emt 00:00:04]} 27. Nxf6+ {[%clk 00:00:05]}
{[%emt 00:00:01]} 1-0

[Event "World Youth & Cadets Blitz Championships"]
[Site "Rhodes, Greece"]
[Date "2022.05.03"]
[Round "7.16"]
[White "Karvatskyi, Oleksii"]
[Black "Mamedov, Edgar"]
[Result "0-1"]
[TimeControl "5'/game & 2\"/move"]
[WhiteElo "1902"]
[BlackElo "2027"]

1. e4 {[%clk 00:05:03]} c6 {[%clk 00:05:04]} {[%emt 00:00:02]} 2. d4 {[%clk
00:05:03]} {[%emt 00:00:01]} d5 {[%clk 00:05:05]} {[%emt 00:00:01]} 3. e5
{[%clk 00:05:04]} {[%emt 00:00:01]} Bf5 {[%clk 00:05:05]} {[%emt 00:00:02]} 4.
h4 {[%clk 00:04:59]} {[%emt 00:00:06]} h5 {[%clk 00:05:01]} {[%emt 00:00:06]} 5.
Bg5 {[%clk 00:05:00]} {[%emt 00:00:02]} Qc7 {[%clk 00:04:41]} {[%emt 00:00:22]}
6. Bd3 {[%clk 00:04:56]} {[%emt 00:00:05]} Bxd3 {[%clk 00:04:39]} {[%emt
00:00:04]} 7. Qxd3 {[%clk 00:04:56]} {[%emt 00:00:02]} e6 {[%clk 00:04:26]}
{[%emt 00:00:16]} 8. Nf3 {[%clk 00:04:51]} {[%emt 00:00:06]} c5 {[%clk
00:04:27]} {[%emt 00:00:02]} 9. Nbd2 {[%clk 00:03:59]} {[%emt 00:00:54]} Nc6
{[%clk 00:04:23]} {[%emt 00:00:07]} 10. O-O {[%clk 00:03:33]} {[%emt 00:00:27]}
Nge7 {[%clk 00:04:00]} {[%emt 00:00:24]} 11. c4 {[%clk 00:03:20]} {[%emt
00:00:16]} cxd4 {[%clk 00:03:45]} {[%emt 00:00:17]} 12. Nxd4 {[%clk 00:02:54]}
{[%emt 00:00:27]} Nxd4 {[%clk 00:03:34]} {[%emt 00:00:14]} 13. Qxd4 {[%clk
00:02:53]} {[%emt 00:00:03]} Nc6 {[%clk 00:03:34]} {[%emt 00:00:02]} 14. Qd3
{[%clk 00:02:36]} {[%emt 00:00:19]} Nxe5 {[%clk 00:02:23]} {[%emt 00:01:13]} 15.
Qb3 {[%clk 00:02:18]} {[%emt 00:00:20]} d4 {[%clk 00:01:16]} {[%emt 00:01:09]}
16. Qb5+ {[%clk 00:01:17]} {[%emt 00:01:03]} Nc6 {[%clk 00:01:12]} {[%emt
00:00:06]} 17. Rfe1 {[%clk 00:01:17]} {[%emt 00:00:02]} Be7 {[%clk 00:01:06]}
{[%emt 00:00:07]} 18. Nf3 {[%clk 00:01:07]} {[%emt 00:00:13]} a6 {[%clk
00:00:50]} {[%emt 00:00:18]} 19. Qa4 {[%clk 00:01:05]} {[%emt 00:00:03]} Rd8
{[%clk 00:00:34]} {[%emt 00:00:19]} 20. Rad1 {[%clk 00:01:01]} {[%emt
00:00:05]} O-O {[%clk 00:00:28]} {[%emt 00:00:09]} 21. Bxe7 {[%clk 00:00:35]}
{[%emt 00:00:28]} Qxe7 {[%clk 00:00:28]} {[%emt 00:00:02]} 22. Qc2 {[%clk
00:00:34]} {[%emt 00:00:03]} Qc5 {[%clk 00:00:27]} {[%emt 00:00:03]} 23. Ng5
{[%clk 00:00:33]} {[%emt 00:00:03]} Qf5 {[%clk 00:00:17]} {[%emt 00:00:12]} 24.
Qe2 {[%clk 00:00:30]} {[%emt 00:00:05]} e5 {[%clk 00:00:16]} {[%emt 00:00:03]}
25. Qxh5 {[%clk 00:00:30]} {[%emt 00:00:02]} f6 {[%clk 00:00:13]} {[%emt
00:00:05]} 26. g4 {[%clk 00:00:29]} {[%emt 00:00:03]} Qc2 {[%clk 00:00:07]}
{[%emt 00:00:08]} 27. Ne6 {[%clk 00:00:29]} {[%emt 00:00:02]} Qxc4 {[%clk
00:00:06]} {[%emt 00:00:03]} 28. Nxf8 {[%clk 00:00:26]} {[%emt 00:00:05]} Rxf8
{[%clk 00:00:08]} 29. g5 {[%clk 00:00:25]} {[%emt 00:00:04]} fxg5 {[%clk
00:00:10]} {[%emt 00:00:02]} 30. hxg5 {[%clk 00:00:26]} Qf7 {[%clk 00:00:10]}
31. Qh2 {[%clk 00:00:27]} {[%emt 00:00:01]} Qf5 {[%clk 00:00:11]} {[%emt
00:00:02]} 32. Qg3 {[%clk 00:00:26]} {[%emt 00:00:02]} e4 {[%clk 00:00:11]}
{[%emt 00:00:03]} 33. Qg2 {[%clk 00:00:23]} {[%emt 00:00:05]} Re8 {[%clk
00:00:10]} {[%emt 00:00:04]} 34. Re2 {[%clk 00:00:19]} {[%emt 00:00:05]} Ne5
{[%clk 00:00:08]} {[%emt 00:00:04]} 35. Rxe4 {[%clk 00:00:09]} {[%emt
00:00:12]} Nf3+ {[%clk 00:00:08]} {[%emt 00:00:02]} 36. Qxf3 {[%clk 00:00:10]}
{[%emt 00:00:01]} Qxf3 {[%clk 00:00:09]} {[%emt 00:00:01]} 37. Rxe8+ {[%clk
00:00:11]} Kh7 {[%clk 00:00:10]} {[%emt 00:00:01]} 38. Rxd4 {[%clk 00:00:11]}
{[%emt 00:00:02]} Qf5 {[%clk 00:00:08]} {[%emt 00:00:04]} 39. Rh4+ {[%clk
00:00:10]} {[%emt 00:00:03]} Kg6 {[%clk 00:00:09]} 40. Ree4 {[%clk 00:00:10]}
Kxg5 {[%clk 00:00:07]} {[%emt 00:00:04]} 41. Rd4 {[%clk 00:00:05]} {[%emt
00:00:08]} Qb1+ {[%clk 00:00:06]} {[%emt 00:00:04]} 42. Kg2 {[%emt 00:00:02]}
Qxb2 {[%clk 00:00:06]} 43. Rhg4+ {[%clk 00:00:03]} {[%emt 00:00:04]} Kf6 {[%clk
00:00:08]} 44. Rgf4+ {[%clk 00:00:05]} {[%emt 00:00:01]} Ke6 {[%clk 00:00:08]}
45. Rfe4+ {[%clk 00:00:06]} {[%emt 00:00:01]} Kf5 {[%clk 00:00:08]} {[%emt
00:00:01]} 46. Rf4+ {[%clk 00:00:07]} Kg6 {[%clk 00:00:09]} {[%emt 00:00:01]}
47. Rg4+ {[%clk 00:00:09]} Kh7 {[%clk 00:00:08]} {[%emt 00:00:03]} 48. Rh4+
{[%clk 00:00:10]} Kg8 {[%clk 00:00:09]} {[%emt 00:00:01]} 49. Rd8+ {[%clk
00:00:11]} Kf7 {[%clk 00:00:10]} {[%emt 00:00:01]} 50. Rf4+ {[%clk 00:00:10]}
{[%emt 00:00:03]} Ke7 {[%clk 00:00:11]} {[%emt 00:00:01]} 51. Rdd4 {[%clk
00:00:11]} Qxa2 {[%clk 00:00:10]} {[%emt 00:00:03]} 52. Rfe4+ {[%clk 00:00:12]}
{[%emt 00:00:01]} Kf6 {[%clk 00:00:11]} {[%emt 00:00:01]} 53. Rf4+ {[%clk
00:00:13]} {[%emt 00:00:01]} Kg6 {[%clk 00:00:11]} {[%emt 00:00:02]} 54. Rg4+
{[%clk 00:00:13]} {[%emt 00:00:01]} Kh7 {[%clk 00:00:13]} {[%emt 00:00:01]} 55.
Rd7 {[%clk 00:00:13]} {[%emt 00:00:03]} Qb2 {[%clk 00:00:14]} {[%emt 00:00:01]}
56. Rh4+ {[%clk 00:00:12]} {[%emt 00:00:02]} Kg8 {[%clk 00:00:14]} {[%emt
00:00:01]} 57. Rc4 {[%clk 00:00:12]} {[%emt 00:00:03]} Qb5 {[%clk 00:00:13]}
{[%emt 00:00:02]} 58. Rc8+ {[%clk 00:00:13]} Kh7 {[%clk 00:00:14]} {[%emt
00:00:02]} 59. Rcc7 {[%clk 00:00:14]} {[%emt 00:00:01]} Qg5+ {[%clk 00:00:14]}
{[%emt 00:00:02]} 60. Kf1 {[%clk 00:00:15]} {[%emt 00:00:01]} b5 {[%clk
00:00:15]} {[%emt 00:00:02]} 61. Rd3 {[%clk 00:00:13]} {[%emt 00:00:03]} Qg4
{[%clk 00:00:13]} {[%emt 00:00:04]} 62. Rg3 {[%clk 00:00:12]} {[%emt 00:00:03]}
Qd1+ {[%clk 00:00:13]} {[%emt 00:00:01]} 63. Kg2 {[%clk 00:00:13]} {[%emt
00:00:01]} Qd5+ {[%clk 00:00:14]} {[%emt 00:00:02]} 64. Kh2 {[%clk 00:00:14]}
Qe5 {[%clk 00:00:14]} {[%emt 00:00:02]} 65. Ra7 {[%clk 00:00:09]} {[%emt
00:00:07]} Qf6 {[%clk 00:00:14]} {[%emt 00:00:02]} 66. Rd7 {[%clk 00:00:08]}
{[%emt 00:00:03]} Qxf2+ {[%clk 00:00:14]} {[%emt 00:00:02]} 67. Rg2 {[%clk
00:00:09]} {[%emt 00:00:01]} Qf4+ {[%clk 00:00:15]} 68. Kg1 {[%clk 00:00:09]}
{[%emt 00:00:02]} Qe3+ {[%clk 00:00:16]} 69. Kh2 {[%emt 00:00:02]} Qe5+ {[%clk
00:00:17]} 70. Kg1 {[%clk 00:00:10]} {[%emt 00:00:02]} b4 {[%clk 00:00:15]}
{[%emt 00:00:04]} 71. Rd3 {[%clk 00:00:09]} {[%emt 00:00:02]} a5 {[%clk
00:00:11]} {[%emt 00:00:08]} 72. Rh3+ {[%clk 00:00:09]} {[%emt 00:00:01]} Kg8
{[%clk 00:00:11]} {[%emt 00:00:01]} 73. Rd3 {[%clk 00:00:08]} {[%emt 00:00:04]}
a4 {[%clk 00:00:10]} {[%emt 00:00:03]} 74. Rd8+ {[%clk 00:00:09]} Kh7 {[%clk
00:00:09]} {[%emt 00:00:03]} 75. Rh2+ {[%clk 00:00:10]} Kg6 {[%clk 00:00:10]}
{[%emt 00:00:01]} 76. Rg2+ {[%clk 00:00:11]} Kf7 {[%clk 00:00:10]} {[%emt
00:00:01]} 77. Rf2+ {[%clk 00:00:12]} {[%emt 00:00:02]} Ke7 {[%clk 00:00:12]}
{[%emt 00:00:01]} 78. Rdd2 {[%clk 00:00:12]} Qa1+ {[%clk 00:00:10]} {[%emt
00:00:03]} 79. Kg2 {[%emt 00:00:03]} b3 {[%clk 00:00:11]} 80. Rfe2+ {[%clk
00:00:10]} {[%emt 00:00:04]} Kf7 {[%clk 00:00:12]} {[%emt 00:00:01]} 81. Rd7+
{[%clk 00:00:07]} {[%emt 00:00:05]} Kg6 {[%clk 00:00:13]} {[%emt 00:00:01]} 82.
Rd6+ {[%clk 00:00:08]} {[%emt 00:00:01]} Kh7 {[%clk 00:00:14]} 83. Kf3 {[%clk
00:00:06]} {[%emt 00:00:03]} Qh1+ {[%clk 00:00:14]} {[%emt 00:00:03]} 84. Kg3
{[%clk 00:00:04]} {[%emt 00:00:04]} Qg1+ {[%clk 00:00:11]} {[%emt 00:00:05]}
0-1

[Event "World Youth & Cadets Blitz Championships"]
[Site "Rhodes, Greece"]
[Date "2022.05.03"]
[Round "7.17"]
[White "Patel, Zain"]
[Black "Celik, Ali Alper"]
[Result "1-0"]
[TimeControl "5'/game & 2\"/move"]
[WhiteElo "1746"]
[BlackElo "1213"]

1. d4 {[%clk 00:05:01]} {[%emt 00:00:04]} Nf6 {[%clk 00:05:03]} {[%emt
00:00:01]} 2. Nf3 {[%clk 00:05:02]} {[%emt 00:00:02]} g6 {[%clk 00:05:03]}
{[%emt 00:00:01]} 3. c4 {[%clk 00:05:02]} {[%emt 00:00:01]} Bg7 {[%clk
00:05:04]} {[%emt 00:00:01]} 4. Nc3 {[%clk 00:05:03]} {[%emt 00:00:01]} d5
{[%clk 00:05:06]} {[%emt 00:00:01]} 5. cxd5 {[%clk 00:05:04]} {[%emt 00:00:02]}
Nxd5 {[%clk 00:05:06]} {[%emt 00:00:01]} 6. e4 {[%clk 00:05:04]} Nxc3 {[%clk
00:05:06]} {[%emt 00:00:02]} 7. bxc3 {[%clk 00:05:05]} c5 {[%clk 00:05:07]}
{[%emt 00:00:01]} 8. h3 {[%clk 00:05:05]} {[%emt 00:00:03]} Nc6 {[%clk
00:05:08]} {[%emt 00:00:01]} 9. Be3 {[%clk 00:05:05]} {[%emt 00:00:01]} O-O
{[%clk 00:05:02]} {[%emt 00:00:08]} 10. Be2 {[%clk 00:05:05]} {[%emt 00:00:02]}
Qc7 {[%clk 00:05:02]} {[%emt 00:00:03]} 11. O-O {[%clk 00:05:03]} {[%emt
00:00:03]} Rd8 {[%clk 00:05:03]} {[%emt 00:00:02]} 12. Rc1 {[%clk 00:04:49]}
{[%emt 00:00:15]} b6 {[%clk 00:05:02]} {[%emt 00:00:04]} 13. Qb3 {[%clk
00:04:31]} {[%emt 00:00:19]} Na5 {[%clk 00:04:37]} {[%emt 00:00:28]} 14. Qb1
{[%clk 00:04:11]} {[%emt 00:00:22]} Bb7 {[%clk 00:04:34]} {[%emt 00:00:04]} 15.
Rfd1 {[%clk 00:03:51]} {[%emt 00:00:22]} Rac8 {[%clk 00:04:31]} {[%emt
00:00:05]} 16. d5 {[%clk 00:03:24]} {[%emt 00:00:29]} Qd7 {[%clk 00:04:13]}
{[%emt 00:00:21]} 17. Ng5 {[%clk 00:03:08]} {[%emt 00:00:19]} h6 {[%clk
00:04:09]} {[%emt 00:00:05]} 18. Bg4 {[%clk 00:02:55]} {[%emt 00:00:15]} f5
{[%clk 00:04:05]} {[%emt 00:00:06]} 19. exf5 {[%clk 00:02:56]} gxf5 {[%clk
00:04:06]} {[%emt 00:00:01]} 20. Bxf5 {[%clk 00:02:57]} {[%emt 00:00:01]} Qc7
{[%clk 00:03:48]} {[%emt 00:00:20]} 21. Bh7+ {[%clk 00:02:52]} {[%emt
00:00:06]} Kf8 {[%clk 00:03:41]} {[%emt 00:00:09]} 22. Qf5+ {[%clk 00:02:35]}
{[%emt 00:00:20]} Bf6 {[%clk 00:03:35]} {[%emt 00:00:08]} 23. Ne6+ {[%clk
00:02:33]} {[%emt 00:00:05]} Ke8 {[%clk 00:03:32]} {[%emt 00:00:04]} 24. Bg6+
{[%clk 00:02:32]} {[%emt 00:00:02]} Kd7 {[%clk 00:03:33]} {[%emt 00:00:01]} 25.
Nxc5+ {[%clk 00:02:26]} {[%emt 00:00:09]} Kd6 {[%emt 00:00:09]} 26. Qe6# 1-0